Statistics for US States in Yellowstone's Eruption Zone

Click here to take the quiz!

General Stats

  • This quiz has been taken 57 times
    (21 since last reset)
  • The average score is 17 of 17

Answer Stats

State % Correct
California
100%
Nebraska
100%
Washington
100%
Utah
100%
South Dakota
100%
North Dakota
100%
Nevada
100%
Montana
100%
Kansas
100%
Iowa
100%
Idaho
100%
Wyoming
100%
Colorado
95%
Missouri
95%
Minnesota
95%
Oregon
95%
Illinois
90%

Score Distribution

Percentile by Number Answered

Percent of People with Each Score

Your Score History

You have not taken this quiz since the last reset